[Event "AUTO-MASTER-2848"]
[Site "http://www.queenalice.com/game.php?id=1571835"]
[Date "2019.5.22"]
[Round "1"]
[White "bernard57"]
[Black "Regina1962"]
[Result "1-0"]
[WhiteElo "2013"]
[BlackElo "1875"]

1. e4 c5 2. Nf3 e6 3. d4 cxd4 4. Nxd4 Nc6 5. Nc3 Nf6 6. Bg5 Be7 7. Qd2 O-O 8.
O-O-O a6 9. f4 b5 10. Bxf6 Bxf6 11. e5 Be7 12. Kb1 Bb7 13. Nxc6 Bxc6 14. Bd3 g6
15. Rhf1 d6 16. exd6 Qxd6 17. Qf2 Qb4 18. g4 Bf6 19. a3 Qa5 20. Qd2 Rab8 21. Nd5
Qxd2 22. Nxf6+ Kg7 23. Rxd2 Kxf6 24. g5+ Kg7 25. Rfd1 b4 26. axb4 Rxb4 27. Bxa6
1-0

[Event "AUTO-MASTER-2848"]
[Site "http://www.queenalice.com/game.php?id=1571842"]
[Date "2019.5.22"]
[Round "1"]
[White "rubenov"]
[Black "bernard57"]
[Result "0-1"]
[WhiteElo "2035"]
[BlackElo "2064"]

1. d4 Nf6 2. Nc3 d5 3. Nf3 g6 4. Bd2 Bg7 5. e3 Bg4 6. Be2 O-O 7. O-O e6 8. h3
Bxf3 9. Bxf3 c6 10. Re1 Nbd7 11. a3 Re8 12. Ne2 e5 13. Ng3 e4 14. Be2 c5 15.
dxc5 Nxc5 16. Bb5 Re6 17. Bc3 a6 18. Be2 Rc8 19. Bf1 b5 20. Qd2 Ne8 21. Bxg7
Nxg7 22. Red1 Rd6 23. Qd4 Nge6 24. Qd2 Rc7 25. Ne2 Rcd7 26. Nd4 Nxd4 27. exd4
Ne6 28. c3 f5 29. Qh6 Qf6 30. Be2 f4 31. Bg4 Rg7 32. Kh2 Rf7 33. Rf1 Qg5 34.
Qxg5 Nxg5 35. h4 Ne6 36. Rae1 Ng7 37. Kh3 Nf5 0-1

[Event "AUTO-MASTER-2848"]
[Site "http://www.queenalice.com/game.php?id=1571843"]
[Date "2019.5.22"]
[Round "1"]
[White "bernard57"]
[Black "rubenov"]
[Result "1-0"]
[WhiteElo "2043"]
[BlackElo "2017"]

1. e4 e5 2. Bc4 d6 3. Nf3 Be7 4. c3 Nf6 5. d3 O-O 6. O-O Nc6 7. Bb3 Bg4 8. Nbd2
d5 9. exd5 Nxd5 10. Qe1 Nf4 11. Bc4 a6 12. a4 Na5 13. Ba2 Nxd3 14. Qe4 Bxf3 15.
Nxf3 Nxc1 16. Raxc1 Nc6 17. Nxe5 Bd6 18. Nxc6 bxc6 19. Qxc6 Qh4 20. g3 Qg4 21.
Bd5 a5 22. Rfe1 h5 23. Re4 Qg5 24. Rce1 Qd2 25. R1e2 Qd1+ 26. Kg2 Rab8 27. c4
Qc1 28. Re8 Qg5 29. c5 Rbxe8 30. Rxe8 h4 31. cxd6 cxd6 32. Rxf8+ 1-0

[Event "AUTO-OPEN-4085"]
[Site "http://www.queenalice.com/game.php?id=1580268"]
[Date "2019.8.14"]
[Round "1"]
[White "ratorei"]
[Black "bernard57"]
[Result "1-0"]
[WhiteElo "2111"]
[BlackElo "1953"]

1. e4 e5 2. Nf3 Nc6 3. d4 exd4 4. Nxd4 Nf6 5. Nc3 Bb4 6. Bg5 O-O 7. f3 Re8 8.
Bb5 h6 9. Be3 a6 10. Bxc6 bxc6 11. Qd2 Bb7 12. O-O d5 13. Qf2 c5 14. Nf5 d4 15.
Qg3 Nh5 16. Qg4 g6 17. Rad1 Qf6 18. Nxh6+ Kh7 19. Bg5 Qg7 20. Nf5 Qg8 21. Nh6
Qf8 22. Ne2 Bc8 23. Qh4 c4 24. g4 Be7 25. gxh5 Bxg5 26. Qxg5 Qxh6 27. hxg6+ Qxg6
28. Qxg6+ fxg6 29. Rxd4 Be6 30. Rfd1 Re7 31. Nf4 Bf7 32. Kf2 Rb8 33. b3 cxb3 34.
axb3 Kg7 35. Nd5 Bxd5 36. Rxd5 Kf6 37. Rg1 Rb6 38. h4 Rh7 39. Rg4 Re7 40. Ke3
Rc6 41. Kd3 1-0

[Event "AUTO-OPEN-4085"]
[Site "http://www.queenalice.com/game.php?id=1580269"]
[Date "2019.8.14"]
[Round "1"]
[White "bernard57"]
[Black "ratorei"]
[Result "0-1"]
[WhiteElo "2028"]
[BlackElo "2149"]

1. d4 Nf6 2. c4 e5 3. dxe5 Ng4 4. Bf4 Nc6 5. Nf3 Bc5 6. e3 Qe7 7. Be2 Ngxe5 8.
O-O O-O 9. a3 a5 10. Nd4 f5 11. Nxc6 dxc6 12. h3 Ng6 13. Bh2 Be6 14. Nc3 Rad8
15. Qc2 Rd7 16. Rad1 Rfd8 17. Rxd7 Rxd7 18. e4 f4 19. Kh1 Qf6 20. f3 Be3 21. Bd3
Ne5 22. Be2 Nxc4 23. Bg1 Rd2 24. Qb1 Rxb2 25. Qe1 Bd2 0-1

[Event "AUTO-OPEN-4085"]
[Site "http://www.queenalice.com/game.php?id=1580298"]
[Date "2019.8.14"]
[Round "1"]
[White "bernard57"]
[Black "Daniel1962"]
[Result "0-1"]
[WhiteElo "1990"]
[BlackElo "1860"]

1. e4 c5 2. Nf3 Nf6 3. e5 Ng4 4. h3 Nh6 5. Bc4 e6 6. c3 d5 7. Bb3 c4 8. Bc2 b5
9. d4 cxd3 10. Qxd3 Ba6 11. Be3 Nf5 12. Qd2 Nxe3 13. Qxe3 Nd7 14. Bd3 Bc5 15.
Nd4 Bxd4 16. cxd4 Rc8 17. O-O O-O 18. Na3 Qa5 19. Qe2 b4 20. Bxa6 Rc6 21. Bd3
bxa3 22. b3 Qc3 23. Bb5 Rc7 24. Qd1 Nb8 25. Rc1 Qxc1 26. Qxc1 Rxc1 27. Rxc1 a6
28. Ba4 h6 29. Rc7 Kh7 30. g4 a5 0-1

[Event "AUTO-OPEN-4085"]
[Site "http://www.queenalice.com/game.php?id=1580299"]
[Date "2019.8.14"]
[Round "1"]
[White "Daniel1962"]
[Black "bernard57"]
[Result "1-0"]
[WhiteElo "1837"]
[BlackElo "2056"]

1. d4 Nf6 2. Bf4 d6 3. Nc3 c6 4. e4 g6 5. e5 dxe5 6. dxe5 Nd5 7. Nxd5 cxd5 8.
Nf3 Bg7 9. Bd3 Bg4 10. O-O O-O 11. Qe2 Nc6 12. c3 Bxf3 13. Qxf3 Nxe5 14. Bxe5
Bxe5 15. Rfe1 Qc7 16. Rac1 e6 17. g3 Bg7 18. Qg4 f5 19. Qh4 e5 20. c4 Qf7 21.
cxd5 Qxd5 22. Bc4 1-0

[Event "AUTO-OPEN-4085"]
[Site "http://www.queenalice.com/game.php?id=1580300"]
[Date "2019.8.14"]
[Round "1"]
[White "bernard57"]
[Black "BigRezi"]
[Result "0-1"]
[WhiteElo "2016"]
[BlackElo "2309"]

1. d4 Nf6 2. c4 e6 3. Nf3 d5 4. Nc3 Be7 5. Bg5 O-O 6. e3 h6 7. Bxf6 Bxf6 8. cxd5
exd5 9. Bd3 c5 10. h3 Be6 11. O-O c4 12. Bc2 Nc6 13. Qd2 Rc8 14. Rfe1 Qc7 15. a3
Rfd8 16. Rac1 Rb8 17. Bb1 g6 18. e4 dxe4 19. Nxe4 Bg7 20. Nc5 Bd5 21. Qc3 Bxf3
22. Qxf3 Nxd4 23. Qg3 Qxc5 24. Ba2 b5 25. Bb1 Re8 26. b4 Qh5 27. Rxe8+ Rxe8 28.
Qc7 Ne2+ 0-1

[Event "AUTO-OPEN-4085"]
[Site "http://www.queenalice.com/game.php?id=1580301"]
[Date "2019.8.14"]
[Round "1"]
[White "BigRezi"]
[Black "bernard57"]
[Result "1-0"]
[WhiteElo "2325"]
[BlackElo "1955"]

1. e4 e5 2. Nf3 Nc6 3. d4 exd4 4. Nxd4 Nf6 5. Nc3 Bb4 6. Nxc6 bxc6 7. Bd3 d5 8.
exd5 cxd5 9. O-O Bxc3 10. bxc3 O-O 11. Bg5 c5 12. Bxf6 Qxf6 13. Qh5 g6 14. Qxd5
Be6 15. Qxc5 Rfc8 16. Qd4 Qg5 17. Be4 Rd8 18. Bxa8 Rxd4 19. cxd4 Kg7 20. Bc6 Bc4
21. Rfd1 a6 22. a4 Qf5 23. Rac1 Be2 24. Re1 Bc4 25. g3 h5 26. h4 Qf6 27. d5 Qd6
28. Rcd1 Kf6 29. Rd4 Qb4 30. Red1 Qc3 31. d6 Be6 32. Rf4+ Kg7 33. d7 1-0

[Event "AUTO-MASTER-2848"]
[Site "http://www.queenalice.com/game.php?id=1588213"]
[Date "2019.10.28"]
[Round "2"]
[White "CCapivara"]
[Black "bernard57"]
[Result "1-0"]
[WhiteElo "2204"]
[BlackElo "1925"]

1. e4 c5 2. Nf3 e6 3. Nc3 a6 4. d4 cxd4 5. Nxd4 Qc7 6. Be3 Nf6 7. a3 Be7 8. Be2
O-O 9. O-O b5 10. f4 Bb7 11. Bd3 1-0